| 000 | 00579nam a2200193 a 4500 | ||
|---|---|---|---|
| 005 | 20231017063813.0 | ||
| 008 | 991125s1997 mx 000 0 spa u | ||
| 020 | _a9706422323 | ||
| 035 | _aUPN01000054196 | ||
| 049 | _aLT | ||
| 050 | 4 |
_aLB1631 M6.2 _bC4.7 |
|
| 100 | 1 | _aCelorio Morayta, Gonzalo | |
| 245 | 1 | 0 |
_aSmash! 2 : _b[student's book] / _cGonzalo Celorio Morayta, Alan Fisher. |
| 260 |
_aMéxico : _bRichmond, _c1997. |
||
| 300 |
_a160 p. : _bil. col. |
||
| 650 | 4 |
_aInglés _xEstudio y enseñanza (Secundaria) _95708 |
|
| 700 | 1 |
_aFisher, Alan, _ecoaut. |
|
| 905 | _aLibro | ||
| 999 |
_c54196 _d54196 |
||